00365nam a2200145Ia 4500003000400000008004100004040001600045082001300061100001900074245004500093260003400138300001000172650001500182650002200197GCL140319s9999 xx 000 0 eng d aGCL / cGCL04a843bp d1 aPROUST, MARCEL10aDU COTE DE CHEZ SWANN / cPROUST, MARCEL a[S.N] : bGALLIMARD ، c1995 a527 P04aLITERATURE04aFRENCH LITERATURE